000 01729nam a2200373 i 4500
003 EG-GICUC
005 20260121101711.0
008 260111s2018 ua ||||fr|||| 00| 0 ara d
017 _a2017/22860
020 _a978-977-04-8350-9
040 _a EG-GICUC
_bara
_c EG-GICUC
_d EG-GICUC
_erda
041 0 _aara
082 0 4 _221
_a345.43
_bع ا . ش
092 0 4 _221
099 _aLaw1 07 345.43 ع ا . ش 1 ed - 2018
100 0 _aعادل الشهاوي
_eمؤلف.
245 1 0 _aشرح قانون الخدمة المدنية رقم ٨١ لسنة ٢٠١٦ /
_cتاليف المستشار عادل الشهاوي ، المستشار الدكتور محمد الشهاوي.
250 _aالطبعة الاولى
264 1 _aالقاهرة :
_bدار النهضة العربية،
_c2018.
300 _a584 ؛ صفحة
_c24 سم.
_bإيضاحيات، صور، مثيليات ؛
336 _2rda content
_atext
337 _2rda media
_aComputer
338 _2rda carrier
_aOnline Resource
504 _a. 240-220 ببليوجرافيا: صفحات.
505 _aالنصوص القانونية - المبادىء القضائية - الأحكام الإجرائية - القرارات الوزارية - الاعمال التحضيرية - القيود والاوصاف - الآراء الفقهية - الكتب الدورية - اللائحة التنفيذية.
546 _aالنص باللغة العربية
650 1 4 _aحقوق الموظف العام
_2qrmak
650 1 4 _aالقانون الإداري
_2qrmak
651 1 _2qrmak
700 _aمحمد الشهاوي
_eمؤلف.
856 4 0 _uhttps://fll.law.cu.edu.eg/fulltext/bks/B07-01398.pdf
905 _a77
942 _2ddc
_n0
_cBK
_e21
999 _c56018
_d56018